Banned Around the World Quiz Stats

 Plays Quiz Updated Jan 22, 2016

Also try: Strange UK Laws
Challenge
Share
Tweet
Score 0/20 Timer 06:00
50 Plays Today
% Correct
Importing and Selling Chewing Gum
99.3%
Smoking and Tobacco
98.5%
Spanking Children
96.3%
No Elephants on the Beach
92.4%
Flip-Flops
91.1%
Blue Jeans
89%
Avatar in 2D; 3D is ok
88.8%
Group jogging
88.5%
Ketchup
88.3%
Winnie the Pooh
85.5%
% Correct
Valentine's Day
83.3%
Artificial Tanning
81.8%
Plastic Bags
80.8%
Changing a Lightbulb
75%
Driving a Dirty Car
70.4%
Camouflage Clothing
65.3%
Curvy Mannequins
57.7%
Gossiping
57.5%
Baby Walkers
41%
Claire Danes
27.5%

You're not logged in!

Compare scores with friends on all Sporcle quizzes.
OR
Log In

You Might Also Like...

Show Comments

Extras

Top Quizzes Today


Score Distribution

Your Account Isn't Verified!

In order to create a playlist on Sporcle, you need to verify the email address you used during registration. Go to your Sporcle Settings to finish the process.

Report this User

Report this user for behavior that violates our Community Guidelines.

Details: